Statistiques concernant La Bible - L'alphabet Hébreu

Cliquez ici pour prendre le quiz!

Statistiques générales

  • Ce quiz a été pris 41 fois
  • Le résultat moyen est 17 sur 22

Statistiques - réponses

LettreNom de la lettre% Correct
אaleph
100%
בbet
94%
גgimel
91%
דdalet
88%
ה
88%
כkaf
82%
וvav
82%
נnun
82%
מmem
82%
לlamed
79%
חhet
76%
רresh
76%
שshin
76%
יyod
73%
טtet
73%
פ
70%
סsameh
67%
קqof
67%
תtav
64%
זzayin
61%
עayin
61%
צtsadé
61%

Distribution des résultats

Percentile par nombre de réponses

% des personnes avec chaque résultat

Votre développement - résultats

Vous n’avez pas pris ce quiz